Hindustan Shipyard ltd., (Record no. 84451)
[ view plain ]
| 000 -LEADER | |
|---|---|
| fixed length control field | 00649cam a2200193 4500 |
| 001 - CONTROL NUMBER | |
| control field | sa 68012319 |
| 003 - CONTROL NUMBER IDENTIFIER | |
| control field | DLC |
| 005 - DATE AND TIME OF LATEST TRANSACTION | |
| control field | 20260227112609.0 |
| 008 - FIXED-LENGTH DATA ELEMENTS--GENERAL INFORMATION | |
| fixed length control field | 691107s1967 ii 00000 eng |
| 010 ## - LIBRARY OF CONGRESS CONTROL NUMBER | |
| LC control number | sa 68012319 //r84 |
| 050 0# - LIBRARY OF CONGRESS CALL NUMBER | |
| Classification number | VM301.H48 |
| Item number | I5 |
| 110 10 - MAIN ENTRY--CORPORATE NAME | |
| Corporate name or jurisdiction name as entry element | India. |
| Subordinate unit | Parliament. |
| -- | Committee on Public Undertakings. |
| 245 00 - TITLE STATEMENT | |
| Title | Hindustan Shipyard ltd., |
| Remainder of title | Ministry of Transport and Aviation (Department of Transport, Shipping and Tourism) |
| 260 0# - PUBLICATION, DISTRIBUTION, ETC. | |
| Place of publication, distribution, etc. | New Delhi, |
| Name of publisher, distributor, etc. | Lok Sabha Secretariat, |
| Date of publication, distribution, etc. | 1967. |
| 300 ## - PHYSICAL DESCRIPTION | |
| Extent | v, 85 p. |
| Dimensions | 24 cm. |
| 410 11 - SERIES STATEMENT/ADDED ENTRY--CORPORATE NAME [OBSOLETE, CAN/MARC], [LOCAL, USA] | |
| Corporate name or jurisdiction name as entry element | Its |
| Title of a work | Report, |
| Volume number/sequential designation | 3d Lok Sabha, 37 |
| 500 ## - GENERAL NOTE | |
| General note | Cover title. |
| 610 20 - SUBJECT ADDED ENTRY--CORPORATE NAME | |
| Corporate name or jurisdiction name as entry element | Hindustan Shipyard Limited. |
No items available.